Normal view MARC view

Entry Meeting Name

Number of records used in: 1

001 - CONTROL NUMBER

  • control field: 15445

003 - CONTROL NUMBER IDENTIFIER

  • control field: OSt

005 - DATE AND TIME OF LATEST TRANSACTION

  • control field: 20211105133926.0

008 - FIXED-LENGTH DATA ELEMENTS

  • fixed length control field: 211105|| aca||aabn | a|a d

040 ## - CATALOGING SOURCE

  • Original cataloging agency: OSt
  • Transcribing agency: OSt

111 ## - HEADING--MEETING NAME

  • Meeting name or jurisdiction name as entry element: Colloquium of the International Astronomical Union on Physics of Formationa of FeII Lines Outside LTE
  • Number of part/section/meeting: 94th
  • Location of meeting: Anacapri, Capri Island
  • Date of meeting or treaty signing: 1986 July 4-8

670 ## - SOURCE DATA FOUND

  • Source citation: Work cat.: (OSt): Viotti, Roberto 15444, Physics of formationa of FeII lines outside LTE, 1988

Powered by Koha